Connexions #1 - Pays d'Europe - Statistiques

Statistiques générales
  • Ce quiz a été pris 103 fois
  • Le résultat moyen est 139 sur 192
Statistiques - réponses
Question Tuile Select % Correct
La majorité de mon territoire ne se trouve pas en Europe géographique. Andorre Non
100%
La majorité de mon territoire ne se trouve pas en Europe géographique. Monaco Non
100%
La majorité de mon territoire ne se trouve pas en Europe géographique. Norvège Non
100%
La majorité de mon territoire ne se trouve pas en Europe géographique. Serbie Non
100%
La majorité de mon territoire ne se trouve pas en Europe géographique. Suède Non
100%
La majorité de mon territoire ne se trouve pas en Europe géographique. Bosnie-Herzégovine Non
99%
La majorité de mon territoire ne se trouve pas en Europe géographique. Macédoine du Nord Non
99%
La majorité de mon territoire ne se trouve pas en Europe géographique. Monténégro Non
99%
La majorité de mon territoire ne se trouve pas en Europe géographique. Suisse Non
99%
Mon drapeau se compose majoritairement de blanc, de bleu et de rouge. Andorre Non
98%
La majorité de mon territoire ne se trouve pas en Europe géographique. Irlande Non
98%
Mon drapeau se compose majoritairement de blanc, de bleu et de rouge. Macédoine du Nord Non
98%
Mon drapeau se compose majoritairement de blanc, de bleu et de rouge. Turquie Non
98%
Mon drapeau se compose majoritairement de blanc, de bleu et de rouge. Chypre Non
97%
Mon drapeau se compose majoritairement de blanc, de bleu et de rouge. Irlande Non
96%
Mon drapeau se compose majoritairement de blanc, de bleu et de rouge. Moldavie Non
96%
Mon drapeau se compose majoritairement de blanc, de bleu et de rouge. Monaco Non
96%
Mon drapeau se compose majoritairement de blanc, de bleu et de rouge. Suède Non
96%
Mon drapeau se compose majoritairement de blanc, de bleu et de rouge. Suisse Non
96%
Mon drapeau se compose majoritairement de blanc, de bleu et de rouge. Bosnie-Herzégovine Non
95%
Mon drapeau se compose majoritairement de blanc, de bleu et de rouge. Monténégro Non
95%
La majorité de mon territoire ne se trouve pas en Europe géographique. Russie Oui
95%
La majorité de mon territoire ne se trouve pas en Europe géographique. Royaume-Uni Non
93%
Ma capitale se situe sur une île. Bosnie-Herzégovine Non
92%
Mon drapeau se compose majoritairement de blanc, de bleu et de rouge. Danemark Non
92%
Ma capitale se situe sur une île. Macédoine du Nord Non
92%
Ma capitale se situe sur une île. Moldavie Non
92%
Ma capitale se situe sur une île. Monténégro Non
92%
Mon drapeau se compose majoritairement de blanc, de bleu et de rouge. Royaume-Uni Oui
92%
Ma capitale se situe sur une île. Russie Non
92%
Ma capitale se situe sur une île. Serbie Non
92%
Ma capitale se situe sur une île. Suisse Non
92%
Ma capitale se situe sur une île. Andorre Non
91%
Ma capitale se situe sur une île. Turquie Non
91%
La majorité de mon territoire ne se trouve pas en Europe géographique. Moldavie Non
90%
Ma capitale se situe sur une île. Norvège Non
90%
Mon drapeau se compose majoritairement de blanc, de bleu et de rouge. Russie Oui
90%
Ma capitale se situe sur une île. Monaco Non
89%
Ma capitale se situe sur une île. Chypre Oui
86%
La majorité de mon territoire ne se trouve pas en Europe géographique. Turquie Oui
86%
La religion la plus importante de mon pays est le protestantisme. Monaco Non
84%
J'utilise l'euro comme monnaie officielle. Royaume-Uni Non
84%
Ma capitale se situe sur une île. Suède Non
84%
Je suis le théâtre d'au moins une des pièces de Shakespeare. Andorre Non
83%
Je suis le théâtre d'au moins une des pièces de Shakespeare. Macédoine du Nord Non
83%
Je suis le théâtre d'au moins une des pièces de Shakespeare. Monténégro Non
83%
J'utilise l'euro comme monnaie officielle. Russie Non
83%
Je suis le théâtre d'au moins une des pièces de Shakespeare. Serbie Non
83%
La religion la plus importante de mon pays est le protestantisme. Andorre Non
82%
Je suis le théâtre d'au moins une des pièces de Shakespeare. Bosnie-Herzégovine Non
82%
Je suis le théâtre d'au moins une des pièces de Shakespeare. Moldavie Non
82%
La religion la plus importante de mon pays est le protestantisme. Turquie Non
82%
La religion la plus importante de mon pays est le protestantisme. Chypre Non
80%
Je suis le théâtre d'au moins une des pièces de Shakespeare. Monaco Non
80%
Ma capitale se situe sur une île. Royaume-Uni Oui
79%
J'utilise l'euro comme monnaie officielle. Turquie Non
79%
J'ai fait partie de la Yougoslavie. Andorre Non
78%
J'ai fait partie de la Yougoslavie. Chypre Non
78%
J'ai fait partie de la Yougoslavie. Danemark Non
78%
J'ai fait partie de la Yougoslavie. Irlande Non
78%
J'utilise l'euro comme monnaie officielle. Moldavie Non
78%
J'ai fait partie de la Yougoslavie. Monaco Non
78%
J'ai fait partie de la Yougoslavie. Norvège Non
78%
Je suis le théâtre d'au moins une des pièces de Shakespeare. Royaume-Uni Oui
78%
J'ai fait partie de la Yougoslavie. Royaume-Uni Non
78%
J'ai fait partie de la Yougoslavie. Suède Non
78%
J'ai fait partie de la Yougoslavie. Suisse Non
78%
J'ai fait partie de la Yougoslavie. Turquie Non
78%
Une partie de mon territoire terrestre est au Nord du cercle polaire arctique. Andorre Non
77%
Une partie de mon territoire terrestre est au Nord du cercle polaire arctique. Bosnie-Herzégovine Non
77%
Des Jeux olympiques d'hiver se sont déroulés sur mon territoire. Chypre Non
77%
Une partie de mon territoire terrestre est au Nord du cercle polaire arctique. Chypre Non
77%
Des Jeux olympiques d'hiver se sont déroulés sur mon territoire. Macédoine du Nord Non
77%
Une partie de mon territoire terrestre est au Nord du cercle polaire arctique. Macédoine du Nord Non
77%
Des Jeux olympiques d'hiver se sont déroulés sur mon territoire. Moldavie Non
77%
Une partie de mon territoire terrestre est au Nord du cercle polaire arctique. Moldavie Non
77%
Des Jeux olympiques d'hiver se sont déroulés sur mon territoire. Monaco Non
77%
Une partie de mon territoire terrestre est au Nord du cercle polaire arctique. Monaco Non
77%
Des Jeux olympiques d'hiver se sont déroulés sur mon territoire. Monténégro Non
77%
Une partie de mon territoire terrestre est au Nord du cercle polaire arctique. Monténégro Non
77%
Une partie de mon territoire terrestre est au Nord du cercle polaire arctique. Serbie Non
77%
J'utilise l'euro comme monnaie officielle. Suisse Non
77%
Une partie de mon territoire terrestre est au Nord du cercle polaire arctique. Suisse Non
77%
Une partie de mon territoire terrestre est au Nord du cercle polaire arctique. Turquie Non
77%
Des Jeux olympiques d'hiver se sont déroulés sur mon territoire. Andorre Non
76%
Ma capitale se situe sur une île. Irlande Oui
76%
Des Jeux olympiques d'hiver se sont déroulés sur mon territoire. Irlande Non
76%
Une partie de mon territoire terrestre est au Nord du cercle polaire arctique. Irlande Non
76%
Je fais partie de l'Union Européenne. Royaume-Uni Non
76%
J'ai fait partie de la Yougoslavie. Russie Non
76%
Je fais partie de l'Union Européenne. Suisse Non
76%
Je fais partie de l'espace Schengen. Turquie Non
76%
Je fais partie de l'Union Européenne. Turquie Non
76%
Un cycliste ayant remporté le Tour de France est de ma nationalité. Andorre Non
75%
La religion la plus importante de mon pays est le protestantisme. Bosnie-Herzégovine Non
75%
J'utilise l'euro comme monnaie officielle. Bosnie-Herzégovine Non
75%
La religion la plus importante de mon pays est le protestantisme. Serbie Non
75%
Des Jeux olympiques d'hiver se sont déroulés sur mon territoire. Turquie Non
75%
Un cycliste ayant remporté le Tour de France est de ma nationalité. Chypre Non
74%
J'utilise l'euro comme monnaie officielle. Macédoine du Nord Non
74%
La religion la plus importante de mon pays est le protestantisme. Monténégro Non
74%
Une partie de mon territoire terrestre est au Nord du cercle polaire arctique. Norvège Oui
74%
Je fais partie de l'Union Européenne. Russie Non
74%
Mon drapeau se compose majoritairement de blanc, de bleu et de rouge. Serbie Oui
74%
J'ai fait partie de la Yougoslavie. Serbie Oui
74%
Je fais partie de l'espace Schengen. Russie Non
73%
Des Jeux olympiques d'hiver se sont déroulés sur mon territoire. Serbie Non
73%
J'ai fait partie de la Yougoslavie. Bosnie-Herzégovine Oui
72%
Un cycliste ayant remporté le Tour de France est de ma nationalité. Bosnie-Herzégovine Non
72%
La religion la plus importante de mon pays est le protestantisme. Macédoine du Nord Non
72%
J'ai fait partie de la Yougoslavie. Moldavie Non
72%
Un cycliste ayant remporté le Tour de France est de ma nationalité. Moldavie Non
72%
Un cycliste ayant remporté le Tour de France est de ma nationalité. Monaco Non
72%
Je suis le théâtre d'au moins une des pièces de Shakespeare. Norvège Non
72%
J'utilise l'euro comme monnaie officielle. Norvège Non
72%
Un cycliste ayant remporté le Tour de France est de ma nationalité. Turquie Non
72%
Un cycliste ayant remporté le Tour de France est de ma nationalité. Macédoine du Nord Non
71%
J'utilise l'euro comme monnaie officielle. Monaco Oui
71%
Une partie de mon territoire terrestre est au Nord du cercle polaire arctique. Royaume-Uni Non
71%
Des Jeux olympiques d'hiver se sont déroulés sur mon territoire. Russie Oui
71%
Je fais partie de l'Union Européenne. Suède Oui
71%
La religion la plus importante de mon pays est le protestantisme. Moldavie Non
70%
Je fais partie de l'espace Schengen. Moldavie Non
70%
J'ai fait partie de la Yougoslavie. Monténégro Oui
70%
Un cycliste ayant remporté le Tour de France est de ma nationalité. Monténégro Non
70%
Des Jeux olympiques d'hiver se sont déroulés sur mon territoire. Royaume-Uni Non
70%
Je fais partie de l'espace Schengen. Macédoine du Nord Non
68%
J'ai fait partie de la Yougoslavie. Macédoine du Nord Oui
68%
Je fais partie de l'espace Schengen. Monténégro Non
68%
Une partie de mon territoire terrestre est au Nord du cercle polaire arctique. Russie Oui
68%
Je fais partie de l'Union Européenne. Macédoine du Nord Non
67%
Je fais partie de l'Union Européenne. Moldavie Non
67%
La religion la plus importante de mon pays est le protestantisme. Russie Non
67%
J'utilise l'euro comme monnaie officielle. Serbie Non
67%
Je fais partie de l'espace Schengen. Bosnie-Herzégovine Non
66%
Je fais partie de l'espace Schengen. Chypre Non
66%
Je fais partie de l'Union Européenne. Danemark Oui
66%
J'utilise l'euro comme monnaie officielle. Monténégro Non
66%
Des Jeux olympiques d'hiver se sont déroulés sur mon territoire. Norvège Oui
66%
Je suis le théâtre d'au moins une des pièces de Shakespeare. Suède Non
66%
Une partie de mon territoire terrestre est au Nord du cercle polaire arctique. Suède Oui
66%
Je suis le théâtre d'au moins une des pièces de Shakespeare. Suisse Non
66%
Je fais partie de l'espace Schengen. Serbie Non
65%
J'utilise l'euro comme monnaie officielle. Andorre Oui
64%
Ma capitale se situe sur une île. Danemark Oui
64%
Je fais partie de l'Union Européenne. Irlande Oui
64%
Je fais partie de l'Union Européenne. Monténégro Non
64%
Mon drapeau se compose majoritairement de blanc, de bleu et de rouge. Norvège Oui
64%
Un cycliste ayant remporté le Tour de France est de ma nationalité. Royaume-Uni Oui
64%
J'utilise l'euro comme monnaie officielle. Suède Non
64%
Je fais partie de l'Union Européenne. Bosnie-Herzégovine Non
63%
La religion la plus importante de mon pays est le protestantisme. Suisse Non
63%
Des Jeux olympiques d'hiver se sont déroulés sur mon territoire. Suisse Oui
63%
La majorité de mon territoire ne se trouve pas en Europe géographique. Chypre Oui
62%
Des Jeux olympiques d'hiver se sont déroulés sur mon territoire. Danemark Non
62%
Je fais partie de l'Union Européenne. Norvège Non
62%
La religion la plus importante de mon pays est le protestantisme. Irlande Non
61%
Je fais partie de l'Union Européenne. Monaco Non
61%
Un cycliste ayant remporté le Tour de France est de ma nationalité. Norvège Non
61%
Je fais partie de l'espace Schengen. Royaume-Uni Non
61%
Une partie de mon territoire terrestre est au Nord du cercle polaire arctique. Danemark Oui
60%
Je fais partie de l'Union Européenne. Serbie Non
60%
Je fais partie de l'espace Schengen. Danemark Oui
59%
Je fais partie de l'Union Européenne. Andorre Non
58%
La religion la plus importante de mon pays est le protestantisme. Royaume-Uni Oui
58%
Un cycliste ayant remporté le Tour de France est de ma nationalité. Serbie Non
57%
Un cycliste ayant remporté le Tour de France est de ma nationalité. Suède Non
57%
J'utilise l'euro comme monnaie officielle. Danemark Non
54%
J'utilise l'euro comme monnaie officielle. Irlande Oui
54%
Un cycliste ayant remporté le Tour de France est de ma nationalité. Russie Non
53%
Je fais partie de l'espace Schengen. Suède Oui
52%
Un cycliste ayant remporté le Tour de France est de ma nationalité. Suisse Oui
50%
La religion la plus importante de mon pays est le protestantisme. Suède Oui
47%
La majorité de mon territoire ne se trouve pas en Europe géographique. Danemark Oui
46%
Je suis le théâtre d'au moins une des pièces de Shakespeare. Russie Non
45%
Je fais partie de l'espace Schengen. Irlande Non
43%
Je fais partie de l'espace Schengen. Suisse Oui
43%
Un cycliste ayant remporté le Tour de France est de ma nationalité. Danemark Oui
42%
La religion la plus importante de mon pays est le protestantisme. Norvège Oui
41%
Je suis le théâtre d'au moins une des pièces de Shakespeare. Danemark Oui
40%
Je suis le théâtre d'au moins une des pièces de Shakespeare. Irlande Non
39%
La religion la plus importante de mon pays est le protestantisme. Danemark Oui
38%
Je fais partie de l'Union Européenne. Chypre Oui
35%
J'utilise l'euro comme monnaie officielle. Chypre Oui
34%
Je fais partie de l'espace Schengen. Norvège Oui
34%
Je fais partie de l'espace Schengen. Andorre Non
33%
Un cycliste ayant remporté le Tour de France est de ma nationalité. Irlande Oui
30%
Je fais partie de l'espace Schengen. Monaco Non
27%
Des Jeux olympiques d'hiver se sont déroulés sur mon territoire. Suède Non
25%
Des Jeux olympiques d'hiver se sont déroulés sur mon territoire. Bosnie-Herzégovine Oui
18%
Je suis le théâtre d'au moins une des pièces de Shakespeare. Turquie Oui
7%
Je suis le théâtre d'au moins une des pièces de Shakespeare. Chypre Oui
5%
Aucun quiz correspondant
Distribution des résultats
% des personnes avec chaque résultat
Percentile par nombre de réponses
Votre historique - résultats
Vous n’avez pas pris ce quiz